Normal view
MARC view
- Mirza, Umama Uzair
Entry Personal Name
001 - CONTROL NUMBER
- control field: 119921
003 - CONTROL NUMBER IDENTIFIER
- control field: NUST
005 - DATE AND TIME OF LATEST TRANSACTION
- control field: 20240118102308.0
008 - FIXED-LENGTH DATA ELEMENTS
- fixed length control field: 240118|| aca||aabn | a|a d
040 ## - CATALOGING SOURCE
- Original cataloging agency: NUST
- Transcribing agency: NUST
100 ## - HEADING--PERSONAL NAME
- Personal name: Mirza, Umama Uzair
670 ## - SOURCE DATA FOUND
- Source citation: Work cat.: (NUST): Mirza, Umama Uzair, AN EXPLORATORY STUDY OF WOMEN AT WORKPLACE WITH CAREER INTERRUPTIONS
